书目信息 |
| 题名: |
食物科学的化学基础
|
|
| 作者: | 福克斯 著 ;尚久方 译 | |
| 分册: | ||
| 出版信息: | 北京 科学出版社 1983.5 |
|
| 页数: | 452 | |
| 开本: | 20cm | |
| 丛书名: | ||
| 单 册: | ||
| 中图分类: | R151.3 | |
| 科图分类: | ||
| 主题词: | 营养卫生 , 饮食卫生 , 食品卫生学 , 食品卫生 | |
| 电子资源: | ||
| ISBN: | ||
| 000 | 00618nam0 2200241 45 | |
| 001 | 0181012982 | |
| 005 | 20060430160040.95 | |
| 010 | @dCNY1.80 | |
| 091 | @a14031.49 | |
| 100 | @a20810111d km y0chiy0120 ea | |
| 101 | 0 | @achi |
| 200 | 1 | @a食物科学的化学基础@Ashi wu ke xue de hua xue ji chu@f(英)福克斯著@Ffu ke si@g尚久方等译 |
| 210 | @a北京@c科学出版社@d1983.5 | |
| 215 | @a452@c图表@d20cm | |
| 606 | 0 | @a营养卫生 |
| 606 | 0 | @a饮食卫生 |
| 606 | 0 | @a食品卫生学 |
| 606 | 0 | @a食品卫生 |
| 690 | @aR151.3 | |
| 701 | 0 | @a福克斯@4著 |
| 702 | 0 | @a尚久方@4译 |
| 801 | @aCN@bTSTC@c20060430 | |
| 905 | @dR151.3@e4 | |
| 食物科学的化学基础/(英)福克斯著/尚久方等译.-北京:科学出版社,1983.5 |
| 452:图表;20cm |
| ISBN :CNY1.80 |
| ● |
| 相关链接 |
|
|
|
|
正题名:食物科学的化学基础
索取号:R151.3/4
 
预约/预借
| 序号 | 登录号 | 条形码 | 馆藏地/架位号 | 状态 | 备注 |
| 1 | 0090116 | 202328490 | 密集书库/ [索取号:R151.3/4] | 在馆 | |
| 2 | 0090117 | 000707453 | 密集书库/ [索取号:R151.3/4] | 在馆 | |
| 3 | 0090118 | 000707462 | 第二样本阅览室/ [索取号:R151.3/4] | 在馆 |